Did They Play for Liverpool? Quiz Stats

Quiz Updated Mar 9, 2018

Challenge
Share
Tweet
Embed
Score 0/25 Timer 04:00
22 Plays Today
% Correct
Fernando Morientes
86.2%
Abel Xavier
84.2%
Paul Konchesky
83.6%
Christian Poulsen
82.6%
Jari Litmanen
82.6%
Anthony Le Tallec
81.1%
Rigobert Song
77.5%
Jan Kromkamp
76.7%
David Thompson
76.5%
Karl-Heinz Riedle
75.7%
Charles Itandje
75.7%
Ronny Rosenthal
74.8%
Dominic Matteo
74%
% Correct
Bjorn Tore Kvarme
73.4%
Stephen Wright
71.9%
Pegguy Arphexad
69.6%
Bernard Diomede
67.9%
Erik Meijer
67.3%
Zak Whitbread
64.8%
Don Hutchison
64.7%
Sean Dundee
63.9%
Julian Dicks
63.7%
Glenn Hysen
63.3%
Mauricio Pellegrino
58.3%
Torben Piechnik
55.2%

You're not logged in!

Compare scores with friends on all Sporcle quizzes.
Join for Free
OR
Log In

You Might Also Like...

Show Comments

Extras

Top Quizzes Today


Score Distribution

Your Account Isn't Verified!

In order to create a playlist on Sporcle, you need to verify the email address you used during registration. Go to your Sporcle Settings to finish the process.

Report this User

Report this user for behavior that violates our Community Guidelines.

Details: